| 000 | 00428 a2200133 4500 | ||
|---|---|---|---|
| 001 | ART_46692 | ||
| 005 | 20260410162040.0 | ||
| 008 | 260409a | ||
| 245 | 1 | 0 | _aCanon minero y ciclo político presupuestal en las municipalidades distritales del Perú, 2002-2011 |
| 100 | 1 | _aPebe, Carol | |
| 700 | 1 | _aRadas, Norally | |
| 700 | 1 | _aTorres, Javier | |
| 773 | 0 |
_tRevista Cepal _g- Nº 123 (dic. 2017) _wREV45125 |
|
| 999 |
_c34769 _d34769 |
||